000 01111nam a2200289Ia 4500
003 OSt
005 20221005110552.0
006 a|||||r|||| 00| 0
007 ta
008 221004b |||||||| |||| 00| 0 hin d
020 _a9789326352772 (hbk)
_cINR 200.00
024 _a36979
037 _bBW/1690, 15/03/2018, Bookwell
_cTextual
040 _aCRL
_cCRL
_bhin
041 _2hin
_ahin
082 _aO152,3N79,KP, Q6
100 _aत्रिपाठी, विमलेश, ले.
245 0 _aकैनवास पर प्रेम
246 _aKainavās par prema
260 _aनई दिल्ली
_bभारतीय ज्ञानपीठ भारत
_c2016
300 _a159पृ0
_ccm.
490 _aलोकोदय ग्रन्थमाला; ग्रन्थांक 1232
650 _a हिन्दी साहित्य
650 _aहिन्दी कहानी
942 _hO152,3N79,KP, Q6
_cTEXL
_2cc
999 _c1019234
_d1019234